000 00438nam a2200169 a 4500
005 20140310183321.0
008 060306s19uu xx 00 eng d
020 _a0553148052
050 _aPS 3563.A72329
_b.F5 1982
100 _aHomewood, Harry
245 _aFinal harbor /
_cHarry Homewood.
260 _aNew York :
_bBantam Books,
_c1982.
300 _a304 p. :
_c18 cm.
650 _aFiction
942 _cBK
_2lcc
999 _c21391
_d21391